000 02075cam a22004334i 4500
003 PE-LiUPU
005 20250731183427.0
008 150706s r 000 0 d
020 _a9780061927997
035 _a(Sirsi) i9780061927997
040 _aPE-LiUPU
_bspa
_cPE-LiUPU
_erda
049 _aPRUA
082 0 4 _a728.75
_bC79
_221
100 1 _aCosta Duran, Sergi,
_eautor.
245 1 0 _aNew green homes /
_cSergi Cista Durán, Ethel Baraona Pohl, Liliana Bollini.
264 1 _aNew York :
_bCollins Design,
_c2009.
300 _a189 páginas :
_bilustraciones ;
_c30 centímetros
336 _atext
_2rdacontent
337 _aunmediated
_2rdamedia
338 _avolume
_2rdacarrier
504 _aIncluye bibliografía.
505 0 _aKingston house -- Old Oaks villa -- Pentimento house -- Mount Hotham house -- Residence in inverness -- Villa Nuotta -- House in Gerês -- Rochedale house -- X house -- Gatica house -- Skyline residence -- Ron-Ron house -- Holman house -- Cape Schanck house -- House in Joanópolis -- El retorno estate -- House on lake rupanco -- Big dig house -- Solar umbrella -- Greenfield residence -- Klein bottle house -- The wave house -- Johanna house -- Panel house -- Taroona 2.
526 _aP158
526 _aP146
526 _aP17
526 _aP12
526 _aP06
541 _g001-003755;
650 0 4 _aCasas de campo.
650 0 4 _aDecoración y ornamentación arquitectónica.
700 1 _aBarahona Pohl, Ethel,
_eautor.
700 1 _aBollini, Liliana,
_eautor.
910 _agl20110517
942 _2ddc
_cBOOK
949 _a728.75 C79
_wDEWEY
_c1
_i62903
_d2016-11-16
_e2016-11-13
_lCCODEBUL1
_mBUL
_n2
_p72.00
_r0
_sY
_tBOOK
_u2015-7-6
_xINGENIERIA
_PP06
_0COMPRA
_o.STAFF. Colección General
994 _aC0
_bPEPRU
596 _a1
999 _a728.75 C79
_wDEWEY
_c51931
_i62903
_d51931
_e2016-11-13
_f2021-11-10
_g7
_lCCODEBUL1
_mBUL
_n2
_p72.00
_r0
_sY
_tBOOK
_u2015-7-6
_xINGENIERIA
_PP06
_0COMPRA
_o.STAFF. Colección General
980 _81
_gALBERTO SANCHEZ Responsable de Automatización